Turbines compressors and fans (Record no. 67693)
[ view plain ]
| 000 -LEADER | |
|---|---|
| fixed length control field | 00428nam a22001697a 4500 |
| 003 - CONTROL NUMBER IDENTIFIER | |
| control field | NUST - PNEC |
| 005 - DATE AND TIME OF LATEST TRANSACTION | |
| control field | 20170116181030.0 |
| 008 - FIXED-LENGTH DATA ELEMENTS--GENERAL INFORMATION | |
| fixed length control field | 150919b xxu||||| |||| 00| 0 eng d |
| 020 ## - INTERNATIONAL STANDARD BOOK NUMBER | |
| International Standard Book Number | 0070420394 |
| 040 ## - CATALOGING SOURCE | |
| Transcribing agency | LIBRARY |
| 082 ## - DEWEY DECIMAL CLASSIFICATION NUMBER | |
| Edition number | 2nd |
| Classification number | 621.406 YAH |
| 100 ## - MAIN ENTRY--PERSONAL NAME | |
| 9 (RLIN) | 5863 |
| Personal name | Yahya, S. M |
| 245 ## - TITLE STATEMENT | |
| Title | Turbines compressors and fans |
| Statement of responsibility, etc. | S. M. Yahya |
| 648 ## - SUBJECT ADDED ENTRY--CHRONOLOGICAL TERM | |
| 9 (RLIN) | 11008 |
| Chronological term | Turbines |
| 650 ## - SUBJECT ADDED ENTRY--TOPICAL TERM | |
| 9 (RLIN) | 11011 |
| Topical term or geographic name entry element | Turbines |
| General subdivision | ME |
| 942 ## - ADDED ENTRY ELEMENTS (KOHA) | |
| Source of classification or shelving scheme | |
| Koha item type | Book |
| Withdrawn status | Lost status | Source of classification or shelving scheme | Damaged status | Not for loan | Permanent Location | Current Location | Shelving location | Date acquired | Coded location qualifier | Total Checkouts | Full call number | Barcode | Date last seen | Price effective from | Koha item type |
|---|---|---|---|---|---|---|---|---|---|---|---|---|---|---|---|
| Pakistan Navy Engineering College (PNEC) | Pakistan Navy Engineering College (PNEC) | 09/19/2015 | - | 621.406 YAH | PNECLIB-027210 | 09/19/2015 | Book |
